|
|
|
|
| LEADER |
01749nam a2200445 a 4500 |
| 001 |
EBC165707 |
| 003 |
MiAaPQ |
| 005 |
20200520144314.0 |
| 006 |
m o d | |
| 007 |
cr cn||||||||| |
| 008 |
920109r19901991enka sb 001 0 eng d |
| 010 |
|
|
|z gb 92004485
|
| 020 |
|
|
|z 0415072883 (pbk)
|
| 035 |
|
|
|a (MiAaPQ)EBC165707
|
| 035 |
|
|
|a (Au-PeEL)EBL165707
|
| 035 |
|
|
|a (CaPaEBR)ebr2003735
|
| 035 |
|
|
|a (CaONFJC)MIL32600
|
| 035 |
|
|
|a (OCoLC)60565511
|
| 040 |
|
|
|a MiAaPQ
|c MiAaPQ
|d MiAaPQ
|
| 050 |
|
4 |
|a HC240
|b .G568 1991
|
| 082 |
0 |
4 |
|a 330.9
|2 20
|
| 245 |
0 |
0 |
|a Government and economies in the postwar world
|h [electronic resource] :
|b economic policies and comparative performance, 1945-85 /
|c edited by Andrew Graham with Anthony Seldon.
|
| 260 |
|
|
|a London ;
|a New York :
|b Routledge,
|c 1990
|g (1991 [printing])
|
| 300 |
|
|
|a xiii, 332 p. :
|b ill.
|
| 490 |
0 |
|
|a The new Routledge library of economics
|
| 500 |
|
|
|a "New in paperback 1991" -- T.P. verso.
|
| 504 |
|
|
|a Includes bibliographies and index.
|
| 533 |
|
|
|a Electronic reproduction. Ann Arbor, MI : ProQuest, 2015. Available via World Wide Web. Access may be limited to ProQuest affiliated libraries.
|
| 650 |
|
0 |
|a International economic relations.
|
| 651 |
|
0 |
|a Europe
|x Economic conditions
|y 1945-
|
| 651 |
|
0 |
|a Europe
|x Economic policy.
|
| 651 |
|
0 |
|a Japan
|x Economic conditions
|y 1945-
|
| 651 |
|
0 |
|a Japan
|x Economic policy
|y 1945-
|
| 651 |
|
0 |
|a United States
|x Economic conditions
|y 1945-
|
| 651 |
|
0 |
|a United States
|x Economic policy.
|
| 655 |
|
4 |
|a Electronic books.
|
| 700 |
1 |
|
|a Graham, Andrew,
|d 1942-
|
| 700 |
1 |
|
|a Seldon, Anthony.
|
| 710 |
2 |
|
|a ProQuest (Firm)
|
| 856 |
4 |
0 |
|u https://ebookcentral.proquest.com/lib/matrademy/detail.action?docID=165707
|z Click to View
|